000 00488nam a2200181Ia 4500
008 231221s9999 xx 000 0 und d
020 _a9780000000000
041 _aEnglish
082 _a394.2 SIL;1 R
100 _aSilvers, Julia Rutherford.
245 0 _aProfessional event coordination
250 _a2nd ed.
260 _c2012
_bJohn Wiley & Sons
_aNew Jersey
300 _axx, 492 p.
440 _aThe Wiley event management series
650 _acoordination
942 _cHM
999 _c216847
_d216847